Southville International School and Colleges
Your cart is empty.
  • Cart
  • Lists
    Public lists Eva Luna New books Lux_list list_1
    Your lists Log in to create your own lists
  • Log in to your account
  • Your cookies
  • Search history
Southville International School and Colleges
  • Advanced search
  • Recent comments
  • Most popular
  • Libraries

Log in to your account

Log in with GOOGLE


If you do not have an external account, but do have a local account, you can still log in:

  1. Home
  2. MARC view: Four mice deep in the jungle /
Normal view MARC view ISBD view

Four mice deep in the jungle / (Record no. 40404)

[ view plain ]
MARC details
000 -LEADER
fixed length control field 00503nam a2200193Ia 4500
005 - DATE AND TIME OF LATEST TRANSACTION
control field 20140403085632.0
008 - FIXED-LENGTH DATA ELEMENTS--GENERAL INFORMATION
fixed length control field 140130s9999 xx 000 0 und d
020 ## - INTERNATIONAL STANDARD BOOK NUMBER
International Standard Book Number 9780439559676
050 ## - LIBRARY OF CONGRESS CALL NUMBER
Classification number PZ 7
Item number .St857f5 2004
100 ## - MAIN ENTRY--PERSONAL NAME
Personal name Stilton, Geronimo
245 ## - TITLE STATEMENT
Statement of responsibility, etc Geronimo Stilton.
Title Four mice deep in the jungle /
260 ## - PUBLICATION, DISTRIBUTION, ETC. (IMPRINT)
Name of publisher, distributor, etc Scholastic,
Date of publication, distribution, etc 2004.
Place of publication, distribution, etc USA :
300 ## - PHYSICAL DESCRIPTION
Extent 110 p. :
Other physical details col. ill. ;
Dimensions 20 cm.
440 ## - SERIES STATEMENT/ADDED ENTRY--TITLE
Volume number/sequential designation 1
9 (RLIN) 30985
521 ## - TARGET AUDIENCE NOTE
Target audience note
526 ## - STUDY PROGRAM INFORMATION NOTE
Reading level 460
942 ## - ADDED ENTRY ELEMENTS (KOHA)
Koha item type Books
Source of classification or shelving scheme Library of Congress Classification
Holdings
Withdrawn status Lost status Source of classification or shelving scheme Damaged status Home library Current library Shelving location Date acquired Total Checkouts Full call number Barcode Date last seen Copy number Price effective from Koha item type
    Library of Congress Classification   Munich Library Munich Library Scholastic Reading Center Section 01/30/2014   PZ 7 .St857f5 2004 MS0589 01/30/2014 1 03/11/2014 Books

Four mice deep in the jungle /

APA

Stilton G., . (2004). Four mice deep in the jungle. USA: Scholastic.

Chicago

Stilton Geronimo, . 2004. Four mice deep in the jungle. USA: Scholastic.

Harvard

Stilton G., . (2004). Four mice deep in the jungle. USA: Scholastic.

MLA

Stilton Geronimo, . Four mice deep in the jungle. USA: Scholastic. 2004.

  • Place hold
  • Print
  • Cite
  • Add to your cart (remove)
  • Save record
    BIBTEX Dublin Core MARCXML MARC (non-Unicode/MARC-8) MARC (Unicode/UTF-8) MARC (Unicode/UTF-8, Standard) MODS (XML) RIS
  • More searches
    Search for this title in:
    Other Libraries (WorldCat) Other Databases (Google Scholar) Online Stores (Bookfinder.com) Open Library (openlibrary.org)

Exporting to Dublin Core...

SOUTHVILLE LIBRARY

Southville International School and Colleges Library

1281 Tropical Ave. Cor. Luxembourg St., BF Homes International, Las Pinas City

Tel. No. 8256374 / 252358 Loc. 117/146

Powered by Koha